Formy marketingových komunikácií
Marketingová komunikácia ako dôležitý komunikačný faktor. Charakteristika foriem marketingovej komunikácie: reklama, publicita, osobný predaj, podpora predaja. Vznik názvu firmy alebo výrobku. Význam slova v reklame.
Salvato in:
| Autore principale: | |
|---|---|
| Natura: | Capitolo di libro |
| Lingua: | slovacco |
| Soggetti: | |
| Tags: |
Nessun Tag, puoi essere il primo ad aggiungerne!!
|
MARC
| LEADER | 00000naa$a2200000$$$4500 | ||
|---|---|---|---|
| 001 | 0067327 | ||
| 005 | 20240502071816.5 | ||
| 041 | 0 | |a slo | |
| 044 | |a SK | ||
| 245 | 1 | 0 | |a Formy marketingových komunikácií |c Júlia Rakovská |
| 520 | |a Marketingová komunikácia ako dôležitý komunikačný faktor. Charakteristika foriem marketingovej komunikácie: reklama, publicita, osobný predaj, podpora predaja. Vznik názvu firmy alebo výrobku. Význam slova v reklame. | ||
| 610 | 2 | 0 | |a komunikácia marketingová |
| 610 | 2 | 0 | |a reklama |
| 610 | 2 | 0 | |a predaj |
| 610 | 2 | 0 | |a podpora predaja |
| 610 | 2 | 0 | |a propagácia |
| 100 | 1 | |a Rakovská, Júlia, 1972- | |